LEADER 01082nam a2200253 i 4500 001 000000168328 003 CaOOAMICUS 005 20080108000000.0 008 080108s1953 it u000 u ita u 013 $a145730 040 $aSeMil$bita 245 10$aAlmanacco della famiglia bustocca per l'anno 1953 /$c[presentazione di Luigi Belotti]. 260 $a[Busto Arsizio] :$bLa Famiglia Bustocca,$c1953. 300 $a135 p. :$bill. ;$c21 cm. 500 $aFondo Card. Giovanni Colombo. 650 4$aBusto Arsizio - Folclore e tradizioni locali.$0(OLS)http://semarc/subject/5670 650 4$aBusto Arsizio - Almanacchi.$0(OLS)http://semarc/subject/17889 700 1 $aBelotti, Luigi.$0(OLS)http://semarc/name/43071 850 $aSeMil 852 $aSeMil$W1$xVenegono$y1$m3P I 157$j119413$B119413$CSeMilBibl$Z2$F143318 $81 941 1 $a3 961 $aLascito: Colombo Card. Giovanni 996 $6245$aAlmanacco della famiglia bustocca per l'anno 1953$9(OLS)http://semarc/title/240817 996 $6260$a[Busto Arsizio] :$bLa Famiglia Bustocca$9(OLS)http://semarc/publisher/44010 LEADER 01072nam a2200241 i 4500 001 000000102719 003 CaOOAMICUS 005 20010809000000.0 008 010809s1966 sz u000 u fre u 013 $a74872 040 $aSeMil$bita 100 1 $aBruetsch, Charles.$0(OLS)http://semarc/name/32287 245 13$aLa Clarté de l'Apocalypse /$cCharles Brütsch ; préface de W. A. Visser't Hooft. 250 $a5eme éd., enrichie et coplétée... 260 $aGenève (Suisse) :$bLabor et Fides,$c1966. 300 $a505 p. ;$c21 cm. 500 $aContiene : Bibliographie. 650 4$aBibbia. Nuovo Testamento. Apocalisse - Commentari, studi, critica, interpretazioni.$0(OLS)http://semarc/subject/1763 700 1 $aVisser't Hooft, Willem Adolf,$d<1900-1985>.$0(OLS)http://semarc/name/90776 850 $aSeMil 852 $aSeMil$W1$xVenegono$y1$m2Y II 194$j59180$B59180$CSeMilBibl$Z2$F43427 $81 996 $6245$aLa Clarté de l'Apocalypse$9(OLS)http://semarc/title/149423 996 $6260$aGenève (Suisse) :$bLabor et Fides$9(OLS)http://semarc/publisher/34307